Which Western European Country… - Statistics

General Stats
  • This quiz has been taken 20 times
  • The average score is 16 of 24
Answer Stats
Hint Answer % Correct
…is known as Eire in its native language? Ireland
100%
…has over 1,000 historic windmills and more bicycles than people? Netherlands
100%
…is the Thames river found in? United Kingdom
100%
…is known for its famous Red Light district? Netherlands
94%
…can Stonehenge be found? United Kingdom
94%
…is divided into two halves, known as Flanders and Wallonia? Belgium
89%
…became the global leaders in controlling flooding and largely built to adapt to rising sea levels? Netherlands
89%
…is a massive annual food fight held with tomatoes every year? Spain
83%
…did the Industrial Revolution start? United Kingdom
83%
…did French fries originate? Belgium
78%
…has no native snakes? Ireland
78%
…was Cristiano Ronaldo born? Portugal
78%
…is known for producing such cartoons as The Adventures of Tintin and The Smurfs? Belgium
67%
…has a cave with over 600 cave paintings dating back nearly 20,000 years, discovered by four teenage boys in 1940? France
67%
…can The Last Supper be found? Italy
67%
…did Daft Punk originate? France
56%
…fought a war with Zanzibar which lasted only 40 minutes? United Kingdom
50%
…was the birthplace of Halloween? Ireland
44%
…produces the majority of the world’s cork and is home to the world’s oldest bookstore? Portugal
44%
…rules Pheasant Island for six months out of the year, alternating rulership with France? Spain
44%
…has been a neutral country throughout WWII, the Cold War, and even today? Ireland
39%
…produces the most wine? Italy
33%
…produces the most olive oil? Spain
33%
…has a capital city featuring a massive, once impenetrable fortress, nicknamed “the Gibraltar of the North”? Luxembourg
17%
No matching quizzes found
Score Distribution
Percent of People with Each Score
Percentile by Number Answered
Your Score History
You have not taken this quiz